000 00368nam a2200157Ia 4500
008 151213s9999 xx 000 0 und d
100 _aG. Greenee
245 _aThe Ministry Of Fear
_cG. Greenee
250 _a1st
260 _aAustralia
_bPenguijng Book
_c1963
300 _a4338 p.
650 _aEnglish
650 _aStory
700 _aG. Greenee
999 _c2752
_d2752